Przetłumacz Losowe Słowa - Język Niemiecki - Statystyki

Ogólne statystyki
  • Ten quiz został rozwiązany 99 razy
  • Średni wynik to 13 z 20
Statystyki odpowiedzi
Niemiecki Polski % Poprawnych
Fußball Piłka Nożna
99%
Fisch Ryba
98%
Auto Samochód
96%
Mutter Matka
95%
Katze Kot
94%
Hund Pies
91%
Österreich Austria
88%
Zeit Czas
83%
Buch Książka
83%
Wetter Pogoda
68%
Aufstehen Wstawać
64%
Sprache Język
58%
Geschichte Historia
56%
Menschen Ludzie
55%
Fliege Latać
53%
Kuh Krowa
31%
Senf Musztarda
24%
Becher Kubek
23%
Karte Mapa
18%
Eigentümer Właśćiciel
8%
Nie znaleziono quizów pasujących do podanych kryteriów
Rozkład punktacji
Procent ludzi z każdym wynikiem
Percentyl według liczby udzielonych odpowiedzi
Twoja historia wyników
Nie rozwiązałeś tego quizu